Mountain Animals by Picture - Statistics

General Stats
  • This quiz has been taken 136 times
    94 since last reset
  • The average score is 9 of 15
Answer Stats
Picture Answer % Correct
Hare
95%
Grizzly Bear
92%
Mountain Gorilla
91%
Cougar
90%
Bald Eagle
84%
Chipmunk
81%
Reindeer
73%
Yak
70%
Snow Leopard
65%
Bighorn Sheep
47%
Andean Condor
44%
Marmot
39%
Dhole
27%
Gray Wolf
23%
Japanese Macaque
18%
No matching quizzes found
Score Distribution
Percent of People with Each Score
Percentile by Number Answered
Your Score History
You have not taken this quiz since the last reset